000 00567nam a2200205Ia 4500
005 20250508163010.0
008 008 250505s9999 xx 000 0 eng d
037 _aTextual
040 _aFEDL
_beng
_cFEDL
041 _aeng
_2eng
084 _a155.413, AUL
_qFEDL
100 _aAult Ruth L.
_9773497
245 0 _aChilldren's cognitive development
250 _a2nd
260 _aNew York, USA
_bOxford University Press
_c1983
300 _axii,202p
650 _aChild psychology
942 _cTEXL
_h155.413, AUL
999 _c1380023
_d1380023